000 00573nam a22001457a 4500
999 _c130610
_d130610
008 201030b ||||| |||| 00| 0 eng d
050 _aSPC DT1.T46 M987
100 _aMusona, Justin
_950145
245 _aAssessing the idea of academic writing a project of constructing a copncept and the implications when used outside the academic context:
_bA critique of the culture ideology
_c/ by Justin Musona
260 _aHarare:
_bArrupe Jesuit University,
_c2019.
300 _aiii, 91p. ;
_c30cm.
500 _aThesis
650 _aWriting, Academic
_950146
942 _2lcc
_cSPC